00925nam a2200241 a 450000100100000000500170001000800410002702000150006804000250008308200190010810000350012724500960016226000640025830000210032249000240034350400410036750000700040865000500047865000660052865000330059465000320062783000240065900001135720200929162428.0091016s2004 dr r 001 0 spa d a1932271392 aDO-SdBNPbspacBNPHU aH862.44bN273d1 aNáter, Miguel Ángeld1968-14aLos demonios de la duda :bteatro existencialista hispanoamericano /cMiguel Angel Náter. aSan Juan, Puerto Rico:aSanto Domingo :bIsla Negra,c2004. a112 p. ;c22 cm.1 aVisiones y cegueras aIncluye referencias bibliográficas aIncluye datos biográficos del autor en la solapa de la cubierta 4aTeatro hispanoamericanoxHistoria y crítica 4aExistencialísmo en la literaturaxEnsayos, confencias, etc. 4aFilosofía en la literatura 4aVanguardísmo (literatura) 0aVisiones y cegueras